| 000 | 00649nam a22001817a 4500 | ||
|---|---|---|---|
| 999 |
_c170504 _d170504 |
||
| 005 | 20191217111347.0 | ||
| 010 | _aA-770682 | ||
| 035 | _aA-770682 | ||
| 037 | _bBPPD/Pub. | ||
| 082 | _a840.8 | ||
| 100 | _aمحمد حامد علی خاں | ||
| 245 |
_aگوپی چند نارنگ : _bحیات و چدمات / _cمحمد حامد علی چاں |
||
| 246 |
_aGopi Chand Narang: Hayaat-o-Khidmaat / _bby Mohd. Hamid Ali Khan |
||
| 260 |
_aDelhi _bEducational Publishing House _c1995 |
||
| 270 |
_a3108-Gali Azizuddin Vakil, Kucha Pandit, Lal Kuan _bDelhi _e110006 |
||
| 300 |
_a527p. _c21cm(Hb) |
||
| 942 |
_2ddc _cUR _h840.8 _mن ا ر |
||